Odisea

Guardat en:
Dades bibliogràfiques
Autor principal: Homero (autor)
Format: Llibre
Idioma:espanyol
Publicat: Madrid Alba 1998
Col·lecció:Colección Grandes Obras de la Literatura
Matèries:
Etiquetes: Afegir etiqueta
Sense etiquetes, Sigues el primer a etiquetar aquest registre!

MARC

LEADER 00000nam a2200000 a 4500
001 UCP6785
003 CL-VaPUC
008 991119e19980000SP |||||||||||||||||spa|d
020 |a 8489715076 
082 0 4 |a 883  |b HOM  |2 21 
100 |a Homero   |e autor  |9 265577 
245 1 0 |a Odisea 
300 |a 379 p 
942 |c BK 
945 |d 19991119 00:00:00  |a rbrito 
260 |a Madrid  |b Alba  |c 1998 
650 7 |a POESIA EPICA GRIEGA  |2 CL-VaPUC  |9 265215 
583 |a last modification  |c 19991119 00:00:00  |k Rodrigo Vera 
490 0 |a Colección Grandes Obras de la Literatura 
999 |c 284221  |d 284219 
952 |0 0  |1 0  |4 0  |6 883_000000000000000_HOM_1998  |7 0  |8 A  |9 328020  |a BIBEDU  |b BIBEDU  |d 2019-11-20  |i 3582299  |l 4  |m 2  |o 883 HOM 1998  |p 3582299  |r 2024-04-16  |s 2024-04-08  |w 2019-11-20  |y BK  |k EPE 
952 |0 0  |1 0  |4 0  |6 883_000000000000000_HOM_1998  |7 0  |8 A  |9 328021  |a BIBHIS  |b BIBHIS  |d 2019-11-20  |i 3610675  |l 2  |o 883 HOM 1998  |p 3610675  |r 2025-01-20  |s 2023-04-06  |w 2019-11-20  |y BK  |k HIS 
952 |0 0  |1 0  |4 0  |6 883_000000000000000_HOM_1998  |7 0  |8 A  |9 328022  |a BIBHIS  |b BIBHIS  |d 2019-11-20  |i 3703290  |o 883 HOM 1998  |p 3703290  |r 2025-01-20  |w 2019-11-20  |y BK  |k HIS 
952 |0 0  |1 0  |4 0  |6 883_000000000000000_HOM_1998  |7 0  |8 A  |9 328023  |a BIBHIS  |b BIBHIS  |d 2019-11-20  |i 3988228  |l 2  |o 883 HOM 1998  |p 3988228  |r 2025-01-20  |s 2023-04-21  |w 2019-11-20  |y BK  |k HIS 
952 |0 0  |1 0  |4 0  |6 883_000000000000000_HOM_1998  |7 0  |8 A  |9 328024  |a BIBEDU  |b BIBEDU  |d 2019-11-20  |i 405170K  |l 8  |m 2  |o 883 HOM 1998  |p 405170K  |r 2025-04-21  |s 2025-03-31  |w 2019-11-20  |y BK  |k LIT 
952 |0 0  |1 0  |4 0  |6 883_000000000000000_HOM_1998  |7 0  |8 A  |9 328025  |a BIBEDU  |b BIBEDU  |d 2019-11-20  |i 4051718  |l 2  |m 2  |o 883 HOM 1998  |p 4051718  |r 2025-04-09  |s 2025-03-31  |w 2019-11-20  |y BK  |k LIT